000 00310nam a22001337a 4500
008 180919b xxu||||| |||| 00| 0 eng d
020 _a0250405741
041 _aeng
080 _a541
100 _a12
101 _aKIM
245 _aModeling oF Total Precipitation Impacts
_cJerald.L.S
942 _2udc
_cBK
999 _c48050
_d48050